[Event "Bremen-ch op"]
[Site "Bremen"]
[Date "2018.03.30"]
[Round "8"]
[White "Giss, Alexander"]
[Black "Schmid, Wilfried"]
[Result "0-1"]
[WhiteElo "1156"]
[BlackElo "1777"]
[PlyCount "68"]
[EventDate "2018.03.24"]
[EventType "swiss"]
[EventRounds "9"]
[EventCountry "GER"]
[SourceTitle "EXT 2019"]
[Source "ChessBase"]
[SourceDate "2018.10.10"]
[SourceVersion "1"]
[SourceVersionDate "2018.10.10"]
[SourceQuality "1"]

1. c4 e5 2. Nc3 Nc6 3. g3 Nf6 4. Bg2 Be7 5. e3 d6 6. Nge2 Be6 7. d3 0-0 8. 0-0 d5 9. cxd5 Nxd5 10. b3 Qd7 11. Bb2 Rad8 12. d4 exd4 13. Nxd4 Nxd4 14. Qxd4 Bf6 15. Qxa7 Nxc3 16. Qxb7 Ne2+ 17. Kh1 Bxb2 18. Rab1 Bf6 19. Rfe1 Nc3 20. Rbc1 Bd5 21. Bxd5 Qxd5+ 22. Qxd5 Rxd5 23. Rc2 Rfd8 24. Kg2 Rd2 25. Rec1 Nxa2 26. Rxd2 Nxc1 27. Rxd8+ Bxd8 28. b4 Nd3 29. b5 f5 30. f3 Nc5 31. h3 h5 32. h4 Kf7 33. Kf2 Ke6 34. Ke2 Kd5 0-1